000 00592nam a22001577a 4500
003 macl
005 20200715133318.0
008 200715b xxu||||| |||| 00| 0 eng d
040 _cmacl
082 _a891.433/SHA/S
100 _aशर्मा, पाण्‍डेय बेचन उग्र
_978951
245 _aफुलझडी.,( उग्र की श्रेष्‍ठ कहानियॉ
260 _aदिल्‍ली
_bहिन्‍दी भाषा अकादमी प्रकाशन
_c2019
650 _aकहानी
_978952
942 _2ddc
_cHIN
999 _c62627
_d62627